An introduction to business data processing and computer programming

Shranjeno v:
Bibliografske podrobnosti
Glavni avtor: Swanson, Robert W.
Format: Knjiga
Jezik:Undetermined
Izdano: California Dickenson 1967
Teme:
Oznake: Označite
Brez oznak, prvi označite!
Thư viện lưu trữ: Trung tâm Học liệu Trường Đại học Cần Thơ
LEADER 00519nam a2200181Ia 4500
001 CTU_99085
008 210402s9999 xx 000 0 und d
082 |a 651.8 
082 |b S972 
100 |a Swanson, Robert W. 
245 3 |a An introduction to business data processing and computer programming 
245 0 |c Robert W. Swanson 
260 |a California 
260 |b Dickenson 
260 |c 1967 
650 |a Electronic data processing 
904 |i Truc 
980 |a Trung tâm Học liệu Trường Đại học Cần Thơ